Machine learning and sensitive data protection
Uložené v:
| Hlavný autor: | |
|---|---|
| Ďalší autori: | |
| Médium: | Rukopis Kniha |
| Jazyk: | Slovak English |
| Vydavateľské údaje: |
2025
|
| Predmet: | |
| On-line prístup: | http://is.stuba.sk/zp/portal_zp.pl?podrobnosti=178394 |
| Tagy: |
Žiadne tagy, Buďte prvý, kto otaguje tento záznam!
|
MARC
| LEADER | 00000ntm a22000003a 4500 | ||
|---|---|---|---|
| 001 | stuzp91429 | ||
| 003 | SK-STU | ||
| 005 | 20250830210458.6 | ||
| 007 | ta | ||
| 008 | 150427s2015----xo-----f-mn---000-0-slo-d | ||
| 040 | |a STU |b slo | ||
| 041 | 0 | |a eng | |
| 100 | 1 | |a Lytvyn, Oleksandr |u 070200 |k Z3 |4 aut |U FIIT Fakulta informatiky a informačných technológií |T FIIT Ústav informatiky, informačných systémov a softvérového inžinierstva |X 111742 |U I200 |Y 179 |7 111742 | |
| 242 | 0 | 1 | |a Machine Learning and Sensitive Data Protection |y slo |
| 245 | 1 | 0 | |a Machine learning and sensitive data protection |
| 260 | |c 2025 | ||
| 650 | 4 | |a strojové učenie |2 slo | |
| 650 | 4 | |a federatívne učenie |2 slo | |
| 650 | 4 | |a zabezpečený výpočet viacerých strán |2 slo | |
| 650 | 4 | |a zabezpečená agregácia |2 slo | |
| 650 | 4 | |a ochrana údajov |2 slo | |
| 650 | 4 | |a Machine Learning |2 eng | |
| 650 | 4 | |a Federated Learning |2 eng | |
| 650 | 4 | |a Secure Multi-Party Computation |2 eng | |
| 650 | 4 | |a Secure Aggregation |2 eng | |
| 650 | 4 | |a Data Protection |2 eng | |
| 700 | 1 | |a Nguyen Thu, Giang |u 070200 |k Z1 |4 ths |U FIIT Fakulta informatiky a informačných technológií |T FIIT Ústav informatiky, informačných systémov a softvérového inžinierstva |X 90747 |U I200 |Y 179 |7 90747 | |
| 856 | 4 | |u http://is.stuba.sk/zp/portal_zp.pl?podrobnosti=178394 | |